1824 1892 1243 1634 1560 1471 1347 1337 1609 1262 1982 1937 1154 1645 1847 1239 1679 1353 1600 1247 1093 1661 1433 1793 1245 1958 1557 1756 1175 1167 1645 1693 1538 1245 1032 1297 1210 1565 1955 1686 1412 1427 1537 1680 1584 1735 1254 1552 1474 1930 1289 1632 1185 1143 1555 1340 1473 1937 1951 1723 1463 1764 1887 1510 1113 1867 1667 1903 1696 1992 1876 1218 1099 1358 1772 1586 1540 1953 1666 1786 1902 1182 1150 1420 1131 1098 1744 1355 1472 1895 1795 1478 1830 1761 1892 1275 1198 1362 1542 BCNSPRNW ULIB Ver.6.0+V

เปลี่ยนเป็นภาษาไทย

Change to English
 แสดงรายละเอียดบรรณานุกรม
  กลับหน้าหลัก

Brief Record : Get Marc (ISO 2709) : E-mail record : QR code < ปิดหน้าต่าง
LEADER : 00000nam 2200000uu 4500
001    13399123652
003     ULIB
008    141103s2556||||th 000 0 tha d
020    ^a9786163351197
060    ^aWC515^bป418ร
100    ^aประเสริฐ ทองเจริญ
245    ^aระบาดบันลือโลก 20 : ไข้หวัดใหญ่/ไข้หวัดนก /^cประเสริฐ ทองเจริญ
246 0  Word-Sharking Outbreaks
250    ^aพิมพ์ครั้งที่ 1
260    ^aกรุงเทพฯ :^bอักษรสมัย(๑๙๙๙),^c2556
300    ^a245 หน้า;^b18.5 ซม.
650    ^aไข้หวัดใหญ่
650    ^aไข้หวัดนก
945    ^p200^l0^i036507
945    ^p200^l0^i036508
945    ^p200^l0^i036509
945    ^p200^l0^i036510
945    ^p200^l0^i036511
999    ^aเกษร โพธิ์สุวรรณ
รายการนี้ยังไม่มีแท็ก
คุณยังไม่ได้ล็อกอิน คุณสามารถมีกิจกรรมร่วมกับเว็บไซต์ได้ แต่ต้องล็อกอินก่อน ::
  ล็อกอิน

รายการสื่อสารสนเทศ

ลำดับที่ ประเภท เลขเรียก/บาร์โค้ด สถานที่ สถานะ
1. วิทยาศาสตร์การแพทย์ และสุขภาพ
หนังสือสำรอง
สถานะ=หนังสือสำรอง
WC515 ป418ร ฉ.1 
  Barcode: 036507
ห้องสมุดวิทยาเขตสวรรค์ประชารักษ์
►ส่วนจัดเก็บหนังสือเก่า สปร
บนชั้น
  ขอยืม
2. วิทยาศาสตร์การแพทย์ และสุขภาพ
วิทยาศาสตร์การแพทย์ และสุขภาพ
WC515 ป418ร ฉ.2 
  Barcode: 036508
ห้องสมุดวิทยาเขตสวรรค์ประชารักษ์
►ส่วนจัดเก็บหนังสือเก่า สปร
บนชั้น
  ขอยืม
3. วิทยาศาสตร์การแพทย์ และสุขภาพ
วิทยาศาสตร์การแพทย์ และสุขภาพ
WC515 ป418ร ฉ.3 
  Barcode: 036509
ห้องสมุดวิทยาเขตสวรรค์ประชารักษ์
►ส่วนจัดเก็บหนังสือเก่า สปร
บนชั้น
  ขอยืม
4. วิทยาศาสตร์การแพทย์ และสุขภาพ
วิทยาศาสตร์การแพทย์ และสุขภาพ
WC515 ป418ร ฉ.4 
  Barcode: 036510
ห้องสมุดวิทยาเขตสวรรค์ประชารักษ์
►ส่วนจัดเก็บหนังสือเก่า สปร
บนชั้น
  ขอยืม
5. วิทยาศาสตร์การแพทย์ และสุขภาพ
วิทยาศาสตร์การแพทย์ และสุขภาพ
WC515 ป418ร ฉ.5 
  Barcode: 036511
ห้องสมุดวิทยาเขตสวรรค์ประชารักษ์
►ส่วนจัดเก็บหนังสือเก่า สปร
บนชั้น
  ขอยืม

รายการใกล้เคียง
    ผู้แต่ง [ประเสริฐ ทองเจริญ]

    หัวเรื่อง [ไข้หวัดใหญ่]
    หัวเรื่อง [ไข้หวัดนก]

BibComment


ยังไม่เคยถูกคอมเมนท์

คอมเมนท์ทรัพยากรรายการนี้
  คอมเมนท์: ระบาดบันลือโลก 2..


 Copyright 2026. Bcnsprnw @Library